|
|
|
|
| LEADER |
00000naa0a2200000 4500 |
| 001 |
379353 |
| 005 |
20251117155737.0 |
| 035 |
|
|
|a (RuTPU)RU\TPU\retro\36820
|
| 035 |
|
|
|a RU\TPU\retro\36815
|
| 090 |
|
|
|a 379353
|
| 100 |
|
|
|a 20230913d2023 k||y0rusy50 ba
|
| 101 |
0 |
|
|a eng
|
| 102 |
|
|
|a RU
|
| 135 |
|
|
|a drcn ---uucaa
|
| 181 |
|
0 |
|a i
|
| 182 |
|
0 |
|a b
|
| 200 |
1 |
|
|a Magnetic properties of bifunctional nitronyl-nitroxide radials with crystal lattice modulated by halogen bonding
|f M. K. Shurikov, P. V. Petunin
|
| 203 |
|
|
|a Text
|c electronic
|
| 300 |
|
|
|a Title screen
|
| 320 |
|
|
|a [References: 1 tit.]
|
| 463 |
|
1 |
|t High-Spin Molecules and Molecular Magnets (MolMag-2023)
|o Book of Abstracts X International Conference, Novosibirsk, July 9-14, 2023
|v [P. 27]
|d 2023
|
| 610 |
1 |
|
|a электронный ресурс
|
| 610 |
1 |
|
|a труды учёных ТПУ
|
| 700 |
|
1 |
|a Shurikov
|b M. K.
|c Chemist
|c Laboratory assistant of Tomsk Polytechnic University
|f 2000-
|g Matvey Konstantinovich
|3 (RuTPU)RU\TPU\pers\46609
|9 22267
|
| 701 |
|
1 |
|a Petunin
|b P. V.
|c chemist
|c Associate Professor of Tomsk Polytechnic University, Candidate of Chemical Sciences
|f 1982-
|g Pavel Vasilievich
|3 (RuTPU)RU\TPU\pers\36904
|9 19933
|
| 801 |
|
1 |
|a RU
|b 63413507
|c 20141010
|
| 801 |
|
2 |
|a RU
|b 63413507
|c 20230913
|g RCR
|
| 850 |
|
|
|a 63413507
|
| 856 |
4 |
|
|u http://molmag-2023.tomo.nsc.ru/images/BookOfAbstracts-MM23.pdf#page=112
|
| 942 |
|
|
|c CF
|